Temblor de la espera / (Registro nro. 14044)

Detalles MARC
000 -LEADER
fixed length control field 00857nam a2200265 a 4500
001 - CONTROL NUMBER
control field
003 - CONTROL NUMBER IDENTIFIER
control field DO-SdBNP
005 - DATE AND TIME OF LATEST TRANSACTION
control field 20220218125040.0
008 - FIXED-LENGTH DATA ELEMENTS--GENERAL INFORMATION
fixed length control field 100318s2009 dr 001 p spa d
020 ## - INTERNATIONAL STANDARD BOOK NUMBER
International Standard Book Number 9789945420708
040 ## - CATALOGING SOURCE
Original cataloging agency DO-SdBNP
Language of cataloging spa
Transcribing agency BPMSU
082 ## - DEWEY DECIMAL CLASSIFICATION NUMBER
Item number H557t, 2009
Classification number RD861.44
Edition number 22
100 1# - MAIN ENTRY--PERSONAL NAME
Personal name Hernández Durán, Taty,
Dates associated with a name 1960-
245 10 - TITLE STATEMENT
Title Temblor de la espera /
Statement of responsibility, etc. Taty Hernández Durán.
260 ## - PUBLICATION, DISTRIBUTION, ETC. (IMPRINT)
Place of publication, distribution, etc. San Francisco de Macorís, República Dominicana :
Name of publisher, distributor, etc. Ángeles de Fierro,
--
Date of publication, distribution, etc. 2009.
300 ## - PHYSICAL DESCRIPTION
Extent 62 p. ;
Dimensions 21 cm.
490 0# - SERIES STATEMENT
Series statement Coediciones
500 ## - GENERAL NOTE
General note Incluye datos biográficos del autor en las solapas.
590 ## - LOCAL NOTE (RLIN)
Local note Inventariado, 2022/VM
650 #4 - SUBJECT ADDED ENTRY--TOPICAL TERM
Topical term or geographic name as entry element Poesía dominicana
650 #4 - SUBJECT ADDED ENTRY--TOPICAL TERM
Topical term or geographic name as entry element Literatura dominicana.
710 2# - ADDED ENTRY--CORPORATE NAME
Corporate name or jurisdiction name as entry element Secretaría de Estado de Cultura (República Dominicana)
910 ## - USER-OPTION DATA (OCLC)
User-option data VMateo V.
942 ## - ADDED ENTRY ELEMENTS (KOHA)
Source of classification or shelving scheme Library of Congress Classification
Koha item type Libros
Existencias
Withdrawn status Lost status Source of classification or shelving scheme Damaged status Not for loan Collection code Home library Current library Date acquired Source of acquisition Full call number Barcode Date last seen Price effective from Koha item type
    Dewey Decimal Classification     Colección Dominicana Biblioteca Pública Metropolitana Salomé Ureña Biblioteca Pública Metropolitana Salomé Ureña 02/18/2022 Fundacón Juan Bosch BPMSU CD RD861.44 H557t 2009 BPMSU22020054 02/18/2022 02/18/2022 Libros